000 00471nam a2200181Ia 4500
001 21387
005 20260306172915.0
008 260306t1992||||xx |||||||||||||| ||spa||
041 _aESP
082 _a344.83
_bC34
100 _aCastillo Flores, José Gabriel del, 1942-
_eAUT
245 0 _aCódigo del medio ambiente y los recursos naturales
260 _c1992
300 _a262 páginas :
_c20 cm.
650 _aGEN
654 _aCDE
942 _cLIB
_dJUS
_fJUS
_2ddc
_n
999 _c21387
_d21387